LEADER 01621nam0-2200469 --450 001 9910291849003321 005 20250526102129.0 010 $a978-88-08-22068-4$bhardback 100 $a20181121d2018----kmuy0itay5050 ba 101 1 $aita$ceng 102 $aIT 105 $aa 001yy 200 1 $aElementi di chimica fisica$fPeter Atkins, Julio De Paula 205 $a4. ed. italiana condotta sulla 7. ed. inglese$fa cura di Renato Lombardo 210 $aBologna$cZanichelli$d2018 215 $aXII, 612 p.$cill.$d28 cm 610 0 $aChimica Fisica 676 $a541.3$v23$zita 700 1$aAtkins,$bPeter$062922 701 1$aDe Paula,$bJulio$0299833 702 1$aLombardo,$bRenato$f<1971- > 801 0$aIT$bUNINA$gREICAT$2UNIMARC 856 4 $zVai al sito del libro$uhttp://online.universita.zanichelli.it/atkins-ecf4e/$e20190211 901 $aBK 912 $a9910291849003321 952 $a80 X 63$bBFA220/2018$fFFABC 952 $a80 X 64$bBFA221/2018$fFFABC 952 $a80 X 65$bBFA222/2018$fFFABC 952 $a80 X 66$bBFA223/2018$fFFABC 952 $a60 541 ATKP 2018$b055/2019$fFAGBC 952 $a541.3-ATK-7$bINV. INT. 2021/46$cSC1 952 $a541.3-ATK-7A$bINV. INT. 2021/47$cSC1 952 $a541.3-ATK-7B$bINV. INT. 2021/48$cSC1 952 $a541.3-ATK-7C$bINV. INT. 2021/49$cSC1 952 $a541.3-ATK-7D$bINV. INT. 2021/50$cSC1 952 $a541.3-ATK-7E$bINV. INT. 2021/51$cSC1 952 $a541.3-ATK-7F$bINV. INT. 2021/52$cSC1 959 $aFFABC 959 $aFAGBC 959 $aSC1 996 $aElements of physical chemistry$929312 997 $aUNINA